| 000 | 01657 a2200265 4500 | ||
|---|---|---|---|
| 003 | OSt | ||
| 005 | 20180116192338.0 | ||
| 008 | 120525t xxu||||| |||| 00| 0 eng d | ||
| 020 | _a1876907266 (hardcover) | ||
| 020 | _a9781876907266 (hardcover) | ||
| 040 | _c0 | ||
| 082 | 0 | 4 | _a720 |
| 100 | 1 |
_aPhotographers, International Architectural. _92224 |
|
| 245 | 1 | 0 |
_aThrough the lens : _binternational architectural photographers / _cInternational Architectural Photographers. |
| 250 | _aillustrated edition ed. | ||
| 260 |
_aVictoria : _bImages Publishing Dist A/C, _c2002. |
||
| 300 |
_a224 p. : _bill., _c31 cm. |
||
| 500 | _aIncludes index. | ||
| 520 | _aMax Dupain, a famous Australian photographer well known for his architectural photography, once said words to the effect: A photographer of architecture takes the building cycle full circle in reducing a completed building to a similar scale of the original drawings, but with details and textures that were previously only imagined by the architect, into a two-dimensional beautiful image, which is the architect's delight. For many years, IMAGES has featured the work of the world's finest architectural photographers in their publications. This book is a celebration of and a tribute to the unsung heroes behind the lens, those geniuses of light and shadow, who can make even the most mundane building come to life. | ||
| 650 | 0 |
_aArchitectural photography _92225 |
|
| 650 | 0 |
_aArchitecture _92226 |
|
| 856 | 4 | 0 |
_3Amazon.com _uhttp://www.amazon.com/exec/obidos/ASIN/1876907266/chopaconline-20 |
| 942 |
_aSADA _cBK _k720 THR 2002 _2ddc |
||
| 999 |
_c352568 _d352568 |
||